000 01051cam a2200313 i 4500
001 000019591
003 DO-SdBNP
005 20230525125931.0
007 ta
008 830910s1967 sp 001 f spa d
040 _aDO-SdBNP
_bspa
_cBNPHU
_erda
049 _aBNGR
082 4 _a863.6
_bV181j, 1967
_222
100 1 _aValle-Inclán, Ramón del,
_d1866-1936.
_93325
_eautor
245 1 0 _aJardín umbrío :
_bhistorias de santos, de almas en pena, de duendes y de ladrones /
_cRamón del Valle-Inclán.
250 _a3a ed.
264 _aMadrid :
_bEspasa-Calpe,
_c1967.
300 _a149 páginas ;
_c18 cm.
336 _2rdacontent
_atexto
_btxt
337 _2rdamedia
_asin mediación
_bn
338 _2rdacarrier
_avolumen
_bnc
490 1 _aAustral. Azul: novelas y cuentos en general
_v555
650 4 _aNovela española
_91123
650 4 _aLiteratura española
_9632
650 4 _aLadrones
_xNovela
_942013
650 4 _aFantasmas
_xNovela
_942014
830 0 _aAustral.
_pAzul: novelas y cuentos en general
_v555
_922386
942 _2ddc
_cLBS1
999 _c19107
_d19107